=LDR 00000nam 2200000 4500 =001 INLIS000000000032801 =005 20130612134807 =008 ***********************************ind** =035 ##$$0010-061300000032801 =041 ##$$a ind =082 ##$$a F Rom K =090 ##$$a F Rom K, Sri k =100 ##$$a Sri Izzati =245 ##$$a Kecil-kecil punya karya Ibuku Chayang, Muach, Sri Izzati; Penyunting, Dadan Ramadhan =260 ##$$a 2009 $b Bandung =300 ##$$a 132 hlm., Ilus, 21 cm =650 ##$$a Fiksi anak-anak =700 ##$$a Ramdhan,Dadan =850 ##$$a NBPNMAT =990 ##$$a 00440044 =990 ##$$a 21002001